| 000 | 00555nam a22001817a 4500 | ||
|---|---|---|---|
| 005 | 20171113100350.0 | ||
| 010 | _aENG-121301 | ||
| 020 | _c225.00 | ||
| 035 | _aEN-104833 | ||
| 037 | _bDBAD/PUB | ||
| 082 | _a615.836 | ||
| 100 | _a Naseema Rajshekhar | ||
| 245 |
_aA unique handbook for health & beauty / _cby Naseema Rajsekhar |
||
| 260 |
_aNarasaraopet _bNaseema Rajeskhar _c2010 |
||
| 270 |
_aMurali Offset Printers, Srirampuram _bNarasaraopet _e522601 |
||
| 300 |
_a 218p. : _c21cm (Pbk) _bill. |
||
| 942 |
_2ddc _cEN _h615.836 _mRAJ |
||
| 999 |
_c147248 _d147248 |
||